000 00605nam a2200205 4500
005 20251202054118.0
020 _a0631142991
_cTZS.15,000/=
040 _aMCCL
_beng.
_eAACR 2nd rev.ed.
082 _a342.10285 PUB
245 _aPublic interest law
_c/ edited by Jeremy,Cooper and Rajeev,Dhavan (editors)
260 _aNew York :
_bBasil Blackwell.;
_cc 1986.
300 _axviii,482 p. :
_c23 cm.
504 _aIncludes index.
546 _aeng.
650 _aPublic interest law
650 _aLegal servicess
650 _aPublic interest law- Congresses
700 _aHeuston,R.F.V
942 _cBK
999 _c12251
_d12251